Vplyv hospodárskej krízy na zamestnanosť v spoločnosti Chemkostav, a.s. Michalovce diplomová práca

Gespeichert in:
Bibliographische Detailangaben
1. Verfasser: Šamudovská, Katarína
Körperschaft: Podnikovohospodárska fakulta EU so sídlom v Košiciach. Katedra manažmentu
Weitere Verfasser: Mihalčová, Bohuslava, 1963-
Format: Buch
Sprache:Slowakisch
Veröffentlicht: Košice 2010
Tags: Tag hinzufügen
Keine Tags, Fügen Sie das erste Tag hinzu!

MARC

LEADER 00000nam$a2200000$$$4500
001 0122619
005 20240318123737.1
041 0 |a slo 
044 |a SK 
245 1 0 |a Vplyv hospodárskej krízy na zamestnanosť v spoločnosti Chemkostav, a.s. Michalovce  |b diplomová práca  |c Katarína Šamudovská ; škol. Bohuslava Mihalčová 
264 1 |a Košice  |c 2010 
300 |a 73 s. 
100 1 |a Šamudovská, Katarína 
700 1 |a Mihalčová, Bohuslava, 1963- 
710 2 |a Podnikovohospodárska fakulta EU so sídlom v Košiciach. Katedra manažmentu